Guess the Taylor Swift Song (no hints) 185 - Statistics

General Stats
  • This quiz has been taken 61 times
  • The average score is 202 of 254
Answer Stats
Answer % Correct
a
100%
I
100%
love
97%
the
97%
you
97%
You
97%
to
94%
be
91%
in,
91%
in
91%
It
91%
it
91%
me
89%
this
89%
Was
89%
was
89%
your
89%
how
86%
if
86%
I'm
86%
my
86%
no,
86%
what
83%
going
80%
now
80%
of
80%
oh,
80%
Oh
80%
Oh,
80%
down
77%
falling
77%
I'll
77%
only
77%
right
77%
that
77%
again
74%
around
74%
just
74%
Just
74%
much
74%
thought
74%
time
74%
turn
74%
am
71%
back
71%
hurts
71%
know
71%
life
71%
like
71%
out
71%
up,
71%
can't
69%
last
69%
plane
69%
whole
69%
Breathe
66%
breathe
66%
through
66%
through,
66%
How'd
63%
Lost
63%
Never
63%
thinking
63%
deep,
60%
feels
60%
getting
60%
hate
60%
make
60%
mind
60%
over
60%
would
60%
Break
57%
break
57%
free,
57%
fast
54%
labyrinth
54%
scared
54%
smile
54%
Uh
54%
elevators
51%
everybody
51%
rises
51%
trust
51%
bounce
49%
expects
49%
raw
40%
No matching quizzes found
Score Distribution
Percent of People with Each Score
Percentile by Number Answered
Your Score History
You have not taken this quiz